| 000 | 00463nam a2200157Ia 4500 | ||
|---|---|---|---|
| 008 | 230312s9999||||xx |||||||||||||| ||und|| | ||
| 020 | _a978-969-8296-24 | ||
| 082 |
_a658.4013 _bMOO-P |
||
| 100 | _aKAMRAN MOOSA | ||
| 245 | 0 | _aPractical Guide to ISO 9000 : 2000 | |
| 260 |
_bIBRAHIM PUBLISHERS _aLahore, Pakista _c2007 |
||
| 300 | _a302 | ||
| 546 | _aEng. | ||
| 650 |
_aManagement _vFundamentals of quality management and national scenario |
||
| 942 | _cBK | ||
| 999 |
_c545 _d545 |
||